| 000 | 00360nam a2200133Ia 4500 | ||
|---|---|---|---|
| 008 | 150202s9999 xx 000 0 und d | ||
| 020 | _a373059175 | ||
| 050 |
_aFIC _bFIC |
||
| 100 | _aMcCauley, Barbara. | ||
| 245 |
_aTexas heat / _cBarbara McCauley. |
||
| 260 |
_aNew York : _bSilhouette Books, _c1995. |
||
| 300 |
_a187 pages : _c18 cm. |
||
| 650 | _aFiction. | ||
| 999 |
_c282222 _d282222 |
||